00773nam a2200145 450000500170000000800410001702200140005804000070007204100080007924500340008726000300012150004180015165000250056985600330059420220928114828.0220928b ||||| |||| 00| 0 eng d a2392-1641 cAL aeng aEconomics and Business Review aPolandbPoznan University aEconomic and Business Review is a double-blind refereed OPEN ACCESS journal that aims to further the research and disseminate research results in the area of applied business and economic studies, including various fields of economic research, bank and financial management, business informatics, entrepreneurship, international business, management and marketing with the focus on the Central and Eastern Europe. 2EconomicsaEconomics awww.wydawnictwo.ue.poznan.pl